| 000 | 01029nas a2200265 a 4500 | ||
|---|---|---|---|
| 001 | 73432 | ||
| 003 | BD-RjUL | ||
| 005 | 20211209082408.0 | ||
| 008 | 170531d1952 th x i1 a0eng d | ||
| 035 | _a(BD-RjUL)73650 | ||
| 040 |
_aKLG _cKLG _dBD-RjUL _beng |
||
| 041 | _aeng | ||
| 082 |
_223 _a627.4 _bUNP 1952 |
||
| 090 |
_aTC405 _b.U58 no.3 |
||
| 099 | _aTC405.U58 no.3 | ||
| 110 | 2 |
_aUnited Nations. Economic Commission for Asia and the Far East _9217214 |
|
| 245 | 1 | 0 |
_aProceedings of the Regional Technical Conference on Flood Control in Asia and the Far East / _cUnited Nations. Economic Commission for Asia and the Far East |
| 260 |
_aBangkok : _bUnited Nations, Economic Commission for Asia and the Far East, _c1952. |
||
| 300 |
_a320 p. : _bill, ; _c28 cm. |
||
| 650 | 0 |
_aFlood control _9217211 |
|
| 650 | 0 |
_aWater resources development _zAsia _vCongresses. _9134466 |
|
| 650 | 0 |
_aWater resources development _zEast Asia _vCongresses. _9217212 |
|
| 650 | 0 |
_aFlood control _zAsia _vCongresses. _9217213 |
|
| 942 |
_2ddc _cBK |
||
| 999 |
_c73432 _d73432 |
||